Statistics for 1985-88 Rugby League World Cup Australian players

Click here to take the quiz!

General Stats

  • This quiz has been taken 24 times
  • The average score is 24 of 45

Answer Stats

HintAnswer% Correct
New South WalesHalfbackPeter Sterling
100%
QueenslandCentreMal Meninga
88%
QueenslandFive-eighthWally Lewis
88%
New South WalesCentre/Five eighthBrett Kenny
82%
New South WalesHookerBen Elias
76%
New South WalesCentreChris Mortimer
76%
New South WalesLock/2nd rowWayne Pearce
76%
QueenslandWing/Centre/FullbackDale Shearer
71%
QueenslandPropSam Backo
71%
New South WalesPropSteve Roach
71%
New South WalesFive eighthTerry Lamb
71%
QueenslandHalfbackAllan Langer
65%
New South WalesFullbackGarry Jack
65%
QueenslandCentreGene Miles
65%
New South Wales2nd rowPaul Sironen
65%
QueenslandCentreChris Close
59%
New South Wales2nd row/PropDavid Gillespie
59%
New South WalesCentreMark McGaw
59%
Queensland2nd rowPaul Vautin
59%
New South WalesPropPhil Daley
59%
New South WalesWingAndrew Ettingshausen
53%
QueenslandLock/2nd rowBob Lindner
53%
QueenslandFullbackGary Belcher
53%
QueenslandPropMartin Bella
53%
New South WalesWing/CentreMichael O'Connor
53%
New South WalesHookerRoyce Simmons
53%
New South WalesHalfbackDes Hasler
47%
QueenslandHookerGreg Conescu
47%
QueenslandPropGreg Dowling
47%
New South Wales2nd rowPeter Wynn
47%
New South WalesWingJohn Ferguson
41%
New South Wales2nd row/PropLes Davidson
41%
QueenslandCentrePeter Jackson
41%
New South WalesPropPeter Tunks
41%
New South WalesCentreSteve Ella
41%
QueenslandWing/CentreTony Currie
41%
QueenslandWingLes Kiss
35%
New South WalesProp/2nd rowPaul Dunn
35%
New South Wales2nd rowSteve Folkes
35%
Queensland2nd row/PropBryan Niebling
29%
New South Wales2nd rowGavin Miller
29%
QueenslandWingJohn Ribot
29%
New South WalesCentreAndrew Farrar
24%
New South Wales2nd rowNoel Cleal
24%
Queensland2nd rowWally Fullerton Smith
18%

Score Distribution

Percentile by Number Answered

Percent of People with Each Score

Your Score History

You have not taken this quiz